Welcome to the Holygrace Academy Library

Please use search bar below to get started

NIDIE DUDIE (Record no. 6112)

MARC details
000 -LEADER
fixed length control field 00617nam a22001457a 4500
020 ## - INTERNATIONAL STANDARD BOOK NUMBER
ISBN 978-1-84362-647-3
082 ## - DEWEY DECIMAL CLASSIFICATION NUMBER
Classification number 823
Item number AW/N
100 ## - MAIN ENTRY--AUTHOR NAME
Personal name LAWRENCE, MICHAEL
245 ## - TITLE STATEMENT
Title NIDIE DUDIE
260 ## - PUBLICATION, DISTRIBUTION, ETC. (IMPRINT)
Place of publication AUSTRALIA
Name of publisher ORCHARD BOOKS
Year of publication 2004
300 ## - PHYSICAL DESCRIPTION
Number of Pages 160
520 ## - SUMMARY, ETC.
Summary, etc Jiggy is given a pen - one of those with a scantily-clad female in it who loses her clothes when the pen is tipped. Trouble is, when Jiggy uses the pen, his clothes disappear too - but being Jiggy, he doesn't put two and two together until he has suffered a number of very nude, public and embarassing episodes.
650 ## - SUBJECT ADDED ENTRY--TOPICAL TERM
Topical Term SHORT STORY
942 ## - ADDED ENTRY ELEMENTS (KOHA)
Koha item type Books
Holdings
Withdrawn status Lost status Collection code Home library Current library Shelving location Date acquired Source of acquisition Full call number Accession Number Koha item type
    Fiction Main Library Main Library SHELF 15-J-CHILDREN'S STORYBOOKS 26/03/2014 Purchase 823 AW/N 08213 Books